000 01375cam a2200349 4500
001 B3107
008 090401t1990 xxu||||| |||| 00| 0 eng d
035 _a(Sirsi) u54017
041 _aeng
050 _a690.2
090 _aRICS 1990/57ABD
110 _aInstitution and College Conferences
_92330
245 _aBuilding surveyors national briefing `90. 23-25 March 1990 at University of Warwick
260 _c1990
300 _a8 papers; synopses of 13 papers.
350 _a0
520 _aPapers by: Davis,H. , Harris,N.D. , Hartfield,C. , Langley,R. , Pitt,T. , Redmon- d,J. , Richardson,B. and Tong,D. . printed in full, only that by Benyon,D. is substantial. The section in the booklet of synopses on the paper by Harvey Davis has been transferred to the rest of the paper as it contains additional material.
650 _aBUILT ENVIRONMENT-BUILDING INSPECTION
650 _aBUILT ENVIRONMENT-BUILDING CONTRACT FORMS-CONSTRUCTION COLLATERAL WARRANTY FORMS
650 _aCONDITION SURVEYS
650 _aEXPERT SYSTEMS
650 _aEXPERT WITNESSES
650 _aFAST TRACK
650 _aHEALTH AND SAFETY
_96244
650 _aRefurbishment
_96264
650 _aROYAL INSTITUTION OF CHARTERED SURVEYORS
650 _aSICK BUILDING SYNDROME
650 _aTIME MANAGEMENT
650 _aVALUE ENGINEERING
942 _n0
948 _c04/03/1997
999 _c93394
_d93394